000 00415nam a2200145 4500
003 OSt
008 250902b |||||||| |||| 00| 0 eng d
041 _aeng
082 _a894.8121
_bRAM/TH
100 _aRamachandran Pillai, G
_97805
245 _aThapthaniswasangal /
_bതപ്തനിശ്വാസങ്ങള്‍
260 _aThiruvananthapuram :
_bEvergreen Books,
_c2018.
300 _a66 p.
942 _cBK
999 _c19493
_d19493